Sports Quiz

Random Sports or Baseball Quiz

MLB Ultimate Lineups: 1970s Quiz Stats

 Plays Quiz not verified by Sporcle

Challenge
Share
Tweet
Score 0/27 Timer 08:00
0 Plays Today
% Correct
Joe Morgan
95%
Pete Rose
94.7%
Mark Belanger
93.5%
Thurman Munson
93.2%
Rod Carew
92.9%
Dave Winfield
92.9%
Hal McRae
92.3%
Graig Nettles
92%
Catcher
92%
Chet Lemon
89.7%
Second Base
87.3%
Shortstop
87.3%
Third Base
86.1%
Right Field
84.4%
% Correct
9th
83.8%
Designated Hitter
79.4%
Center Field
77.9%
First Base
77.3%
4th
72.3%
Left Field
64.6%
6th
63.1%
1st
60.8%
2nd
60.2%
7th
54.9%
5th
51.3%
3rd
46.3%
8th
45.1%

You're not logged in!

Compare scores with friends on all Sporcle quizzes.
Join for Free
OR
Log In

You Might Also Like...

Show Comments

Extras

Top Quizzes Today


Score Distribution

Your Account Isn't Verified!

In order to create a playlist on Sporcle, you need to verify the email address you used during registration. Go to your Sporcle Settings to finish the process.

Report this User

Report this user for behavior that violates our Community Guidelines.

Details: